=LDR 00000nam 2200000 4500 =001 INLIS000000000060089 =005 20220104073317 =035 ##$$a 0010-0122000025 =007 ta =008 220104###########################0#ind## =020 ##$$a 978-979-007-036-3 =082 ##$$a R.345.025 550 =084 ##$$a R.345.025 550 Ind u =245 ##$$a Undang-Undang No. 23 th 2004 Ttg Penghapusan Kekerasan dalam RumahTangga /$c Indonesia =300 ##$$a 121 halaman ; $c 21 cm =650 #4$$a Kekerasan Dalam Rumah Tangga - Undang2 dan Peraturan =264 ##$$a Jakarta :$b Sinar Grafika,$c 2007 =336 ##$$a teks$2 rdacontent =337 ##$$a lain-lain$2 rdamedia =338 ##$$a lain-lain$2 rdacarrier =990 ##$$a 00340034